| 000 | 00577 a2200205 4500 | ||
|---|---|---|---|
| 020 | _a0072871326 | ||
| 040 |
_aDLC _bDLC |
||
| 082 | 0 | 0 | _a808.0427 |
| 100 | 1 | _aLangan, John, | |
| 245 | 1 | 0 |
_aCollege writing skills, with readings _cJohn Langan. |
| 250 | _a6th ed. | ||
| 260 |
_aBoston : _bMcGraw-Hill, _cc2005. |
||
| 300 |
_axxi, 734 p. : _bill. (some col.) ; _c24 cm. |
||
| 500 | _aIncludes index. | ||
| 650 | 0 |
_aEnglish language _xRhetoric. |
|
| 650 | 0 |
_aEnglish language _xGrammar. |
|
| 650 | 0 | _aCollege readers. | |
| 650 | 0 | _aReport writing. | |
| 942 |
_cBK _k808.0427 LAN _2ddc |
||
| 999 |
_c4981 _d4981 |
||